000 00389cam a22001097a 4500
008 180718b1953 xxu||||| |||| 00| 0 eng d
082 _aB136x5412 B436S
245 _aReport on agro-economic survey of Saktigar block
_cby Community Development Projects, West Bengal
260 _aAlipore
_bDirector of Publicity
_c1953
300 _a78+p.
700 _aWest Bengal. Community Development Projects
999 _c392175
_d392175